Managing digital transformation : (Record no. 51370)

MARC details
000 -LEADER
fixed length control field 00648nam a2200217Ia 4500
005 - DATE AND TIME OF LATEST TRANSACTION
control field 20260429111915.0
008 - FIXED-LENGTH DATA ELEMENTS--GENERAL INFORMATION
fixed length control field 260429s9999||||xx |||||||||||||| ||und||
020 ## - INTERNATIONAL STANDARD BOOK NUMBER
International Standard Book Number 9781041203452
041 ## - LANGUAGE CODE
Language English
082 ## - DEWEY DECIMAL CLASSIFICATION NUMBER
Classification number 004.68
Item number HIN
100 ## - MAIN ENTRY--PERSONAL NAME
Personal name Andreas, Hinterhuber
245 #0 - TITLE STATEMENT
Title Managing digital transformation :
Remainder of title understanding the strategic process /
Statement of responsibility, etc Hinterhuber Andreas
250 ## - EDITION STATEMENT
Edition statement 1st ed.
260 ## - PUBLICATION, DISTRIBUTION, ETC. (IMPRINT)
Place of publication, distribution, etc United Kingdom :
Name of publisher, distributor, etc Routledge,
Date of publication, distribution, etc 2021.
300 ## - PHYSICAL DESCRIPTION
Extent xiv, 282 p.; pbk
650 ## - SUBJECT ADDED ENTRY--TOPICAL TERM
Topical term or geographic name as entry element Strategic management
650 ## - SUBJECT ADDED ENTRY--TOPICAL TERM
Topical term or geographic name as entry element Digital transformation
700 ## - ADDED ENTRY--PERSONAL NAME
Personal name Checchinato, Francesca
700 ## - ADDED ENTRY--PERSONAL NAME
Personal name Vescovi, Tiziano
942 ## - ADDED ENTRY ELEMENTS (KOHA)
Koha item type Text Books
Holdings
Withdrawn status Lost status Damaged status Not for loan Collection code Home library Location Shelving location Date of Cataloging Source of acquisition Total Checkouts Full call number Barcode Date last seen Price effective from Koha item type
        Non-fiction CUTN Central Library CUTN Central Library Generalia 29/04/2026 Shanti Books, Chennai - Invoice No. 3100 on 09-02-2026   004.68 HIN 56324 29/04/2026 29/04/2026 Text Books